Statystyki dla Państwa świata w roku 1914 na mapie

Kliknij tutaj aby rozwiązać quiz!

Ogólne statystyki

  • Ten quiz został rozwiązany 39 180 razy
  • Średni wynik to 45 z 59

Odpowiedzi na mapie

Odpowiedzi skodowane kolorowo w zielono-czerwonej skali na mapie do tego quizu, zgodnie z poniższymi procentami.
Ładowanie ...
 

Statystyki odpowiedzi

Country% Poprawnych
Rosja
98%
Niemcy
97%
Stany Zjednoczone
97%
Kanada
96%
Francja
96%
Chiny
96%
Hiszpania
95%
Wielka Brytania
95%
Meksyk
94%
Brazylia
94%
Portugalia
93%
Szwecja
92%
Włochy
92%
Australia
92%
Dania
91%
Norwegia
91%
Japonia
90%
Argentyna
90%
Chile
88%
Holandia
87%
Belgia
87%
Grecja
84%
Republika Południowej Afryki
84%
Kolumbia
79%
Persja
79%
Peru
79%
Szwajcaria
78%
Austro-Węgry
78%
Rumunia
78%
Kuba
77%
Urugwaj
76%
Serbia
76%
Bułgaria
76%
Nowa Zelandia
76%
Wenezuela
75%
Boliwia
74%
Albania
72%
Luksemburg
70%
Paragwaj
70%
Panama
68%
Andora
68%
Imperium Osmańskie
68%
San Marino
68%
Nepal
66%
Monako
66%
Liechtenstein
65%
Ekwador
65%
Etiopia
64%
Syjam
61%
Dominikana
60%
Czarnogóra
60%
Haiti
56%
Honduras
55%
Kostaryka
50%
Nikaragua
47%
Salwador
46%
Gwatemala
46%
Liberia
43%
Nowa Fundlandia
14%

Rozkład punktacji

Percentyl według liczby udzielonych odpowiedzi

Procent ludzi z każdym wynikiem

Twoja historia wyników

Nie rozwiązałeś tego quizu